02289cam a22004094i 4500003000900000005001700009008004100026020001500067020001800082035002000100082001700120100002800137245009400165264004300259300005900302336002100361337002500382338002300407504003900430504003300469505116700502526000901669526000901678526000901687526000901696526000901705526000901714526000801723526000801731526000801739526000801747526000801755526000801763650002401771650005101795700003301846PE-LiUPU20250731184539.0181226s2018 gs a r 001 0 eng  a193704081X a9781937040819 a(Sirsi) a25119704a930bE362231 aElayi, Josette,eautor.14aThe history of Phoenicia /cJosette Elayi ; translated from the French by Andrew Plummer. 1aBatlanta, GA :bLockwood Press,c2018. ax, 314 páginas :bilustraciones ;c23 centímetros. atext2rdacontent aunmediated2rdamedia avolume2rdacarrier aBibliografía: páginas 299-304. aÍndice: páginas 305-314.0 aPhoenicia before 1200 -- The prehistory of phoenicia (ca. 70,000-3200) -- Byblos and Egypt (3200-1500 BCE) -- The other Proto-Phoenician cities (3200-1500) -- The small vassal states of the near east (1500-1200) -- The period of phoenicia's independence (1200-883) -- The emergence of phoenicia (ca. 1200) -- Egypt's Loss of influence in phoenicia (1200-1000) -- Early assyrian exploration towards the west (1100-1000) -- Dynastic crises in byblos (1000-900) -- The development and expansion of the phoenician cities (1000-883) -- Phoenicia under assyrian domination (883-610) -- The beginnings of assyrian expansion (883-745) -- The conquest of the west by the assyrians (745-721) -- Domination of phoenicia by the sargonids (721-610) -- Phoenicia under Babylonian Domination (610-539) -- Phoenicia between Egypt and Babylonia (610-605) -- The peak of the Babylonian empire (605-562) -- The decline of the Babylonian empire (562-539) -- Phoenicia under Person (539-332) -- The establishment of the Persian empire (539-479) -- The development of the Persian empire (479-404) -- The Persian empire in turmoil (404-333) -- The fall of the Persian empire (333-330). aP136 aP135 aP134 aP133 aP144 aP143 aP87 aP35 aP20 aP14 aP10 aP0614aFeniciosxHistoria.24aHistoriaxAntiüedadxGeneralidades.2bisacsh1 aPlummer, Andrew,etraductor.